000 00529nam a2200181 a 4500
001 000978437
003 AM-YeHGA
005 20250617150203.0
008 130814s1933 ||| r 000 0 rus d
040 _aAM-YeHGA
041 0 _arus
100 1 _aМосквин, Николай
245 1 0 _aМаска :
_bРоман /
_cНиколай Москвин.
260 _aМосква :
_bОГИЗ-ГИХЛ,
_c1933.
300 _a264 с. :
_b[1] л. портр.
653 0 _aРусская литература
090 _c327910
999 _c326163
_d326163